000 00620nam a2200217Ia 4500
005 20241216010950.0
008 190212s9999||||xx |||||||||||||| ||und||
020 _a950-16-3061-7
082 _a370.71
_bG18
100 _aGALAGOVSKY KURMAN, LYDIA
245 0 _aHACIA UN NUEVO ROL DOCENTE
_bUNA PROPUESTA DIFERENTES PARA EL TRABAJO EN EL AULA
250 _a0
260 _aARGENTINA
_bTORQUET S.A
_c1993
300 _a128 pag
_c22.5 pag
341 _h0
490 _v0
_a0
505 _aHERRAMIENTAS METODOLOGICAS-CONTENIDOS TEORICOS
541 _d25-Jun-01
_oSoles
650 _aCIENCIAS SOCIALES
942 _cLIBRO
999 _c28922
_d28922